000 00522nam a22001817a 4500
005 20251108165524.0
008 250721s1979 xx 000 0 ara d
082 1 4 _aم/811.95662/برد
100 1 _aالبردوني، عبد الله
245 1 0 _aديوان عبد الله البردوني /
264 1 _aبيروت :
_bدار العودة،
_c1979.
300 _a2مج
650 1 7 _aالشعر العربي
650 1 7 _aالعصر الحديث
650 1 7 _aاليمن
942 _2ddc
_cREF
999 _c29902
_d29902